Král /
Rodina nade vše. ... Volné pokračování bestselleru Království.
Uloženo v:
| Série: | Pokrevní pouta,
část 2 |
|---|---|
| Hlavní autor: | |
| Další autoři: | |
| Médium: | E-kniha |
| Jazyk: | Czech |
| Vydáno: |
Praha :
Kniha Zlin,
2025
|
| Vydání: | Vydání první |
| Témata: | |
| Příbuzné jednotky: | Z cyklu::
Pokrevní pouta |
| Tagy: |
Žádné tagy |
| LEADER | 02429nam a2200445 i 4500 | ||
|---|---|---|---|
| 001 | 312679 | ||
| 003 | CZ PrSKC | ||
| 005 | 20260601215726.0 | ||
| 007 | ta | ||
| 008 | 250414s2025 xr g 000 f cze | ||
| 015 | |a cnb003681184 | ||
| 020 | |a 9788076628304 |q (vázáno) | ||
| 035 | |a (OCoLC)1523000143 | ||
| 040 | |a ABG001 |b cze |e rda | ||
| 041 | 1 | |a cze |h nor | |
| 072 | 7 | |a 821.11 |x Germánské literatury |2 Konspekt | |
| 080 | |a 821.113.5-31 |2 MRF | ||
| 080 | |a (0:82-312.4) |2 MRF | ||
| 100 | 1 | |a Nesbø, Jo, |d 1960- |7 xx0037547 |4 aut | |
| 240 | 1 | 0 | |a Kongen av Os. |l Česky |7 aun20251260586 |
| 245 | 1 | 0 | |a Král / |c Jo Nesbø ; z norštiny přeložila Kateřina Krištůfková |
| 250 | |a Vydání první | ||
| 264 | 1 | |a Praha : |b Kniha Zlin, |c 2025 | |
| 300 | |a 427 stran ; |c 21 cm | ||
| 336 | |a text |b txt |2 rdacontent | ||
| 337 | |a bez média |b n |2 rdamedia | ||
| 338 | |a svazek |b nc |2 rdacarrier | ||
| 520 | 2 | |a Rodina nade vše. ... Volné pokračování bestselleru Království. |b Carl a Roy Opgardovi dosáhli všeho, čeho ve vesnici, jako je Os, dosáhnout mohli. Carl řídí luxusní wellness hotel, zatímco majitel benzínky Roy tu hodlá vybudovat zábavní park s horskou dráhou. Plánovaná přeložka silnice je však může připravit o vše - a tak si zase jednou musí ušpinit ruce. Na krk jim navíc dýchá místní policejní náčelník, který má na dosah důkaz o tom, že bratři stojí za sérií podezřelých úmrtí, jejichž počet navíc stoupá. Jakmile se totiž horská dráha rozjede, už z ní nelze vystoupit. Nakladatelská anotace. | |
| 655 | 7 | |a norské romány |7 fd132917 |2 czenas | |
| 655 | 7 | |a thrillery (romány) |7 fd184206 |2 czenas | |
| 655 | 9 | |a Norwegian fiction |2 eczenas | |
| 655 | 9 | |a thrillers (novels) |2 eczenas | |
| 700 | 1 | |a Krištůfková, Kateřina, |d 1974- |7 js20030929005 |4 trl | |
| 787 | 0 | 8 | |i Z cyklu: |t Pokrevní pouta |g 2 |
| 900 | |a ABA001 |b 21 | ||
| 928 | 9 | |a Albatros Media - Kniha Zlin | |
| 044 | |a xr | ||
| 910 | |a RBIT002 | ||
| 998 | |d 417947 |a https://core.palmknihy.cz/api/books/417947/cover?stlswe |b https://core.palmknihy.cz/api/books/417947/cover/400?stlswe |c https://core.palmknihy.cz/api/books/417947/cover/50?stlswe |e 2028-10-04 |g 432 |i 9788076628304 |j https://core.palmknihy.cz/api/books/417947/preview.epub |k https://core.palmknihy.cz/api/books/417947/preview.pdf |l |q 49 |r 1 |s https://www.palmknihy.cz/kniha/417947 |t ebook |y 2025 |z 0 |v Pokrevní pouta: Opgardovi |w 2 | ||
| 999 | |d 312677 | ||